00974 a2200205 4500003000500000005001700005010001700022020002800039040000900067082001300076245008000089260003300169300003200202505026400234538002900498650003400527700002400561856009100585856009200676Nust20170207152514.0 a 2004058934 a0387231323 (alk. paper) cNust00a621.382710aOptical communication theory and techniques /cedited by Enrico Forestieri. aNew York :bSpringer,c2005. ax, 216 p. :bill. ;c25 cm. aInformation and Communication Theory for Optical Communication (Page-3) Coding Theory and Techniques (Page-63) Characterizing, Measuring and Calculating Performance in Optical Fiber Communication Systems (Page-113)Modulations Formats and Detection (Page-167). aAlmirah No 26 Shelf No 5 0aTelecommunication engineering1 aForestieri, Enrico.423Publisher descriptionuhttp://www.loc.gov/catdir/enhancements/fy0663/2004058934-d.html423Table of contents onlyuhttp://www.loc.gov/catdir/enhancements/fy0819/2004058934-t.html